=LDR 00000nam 2200000 4500 =001 INLIS000000000052490 =005 20180214065637 =035 ##$$a 0010-0218000186 =007 ta =008 180214###########################0###### =020 ##$$a 978-602-6336-39-2 =082 ##$$a 899.221 1 =084 ##$$a 899.221 1 FRI a =100 #$$a Fritz Meko =245 1#$$a Abun dant Like /$c Fritz Meko =250 ##$$a cet.1 =260 ##$$a Yogyakarta :$b Pohon Cahaya,$c 2016 =300 ##$$a 320 hlm. ; $c 17 cm. =650 ##$$a Puisi =990 ##$$a 35683568 =990 ##$$a 35683568 =990 ##$$a 35683568 =990 ##$$a 35683568 =990 ##$$a 35683568 =990 ##$$a 21707771 =990 ##$$a 01201803568 =990 ##$$a 01201803569 =990 ##$$a 01201803570 =990 ##$$a 01201803571 =990 ##$$a 21707772 =990 ##$$a 01201803568 =990 ##$$a 01201803569 =990 ##$$a 01201803570 =990 ##$$a 21707771 =990 ##$$a 21707773 =990 ##$$a 01201803568 =990 ##$$a 01201803569 =990 ##$$a 21707772 =990 ##$$a 21707771 =990 ##$$a 21707774 =990 ##$$a 01201803568 =990 ##$$a 21707773 =990 ##$$a 21707772 =990 ##$$a 21707771 =990 ##$$a 21707775 =990 ##$$a 21707774 =990 ##$$a 21707773 =990 ##$$a 21707772 =990 ##$$a 21707771